[Event "Women's Speed Chess Q2"]
[Site "chess.com INT"]
[Date "2021.05.29"]
[Round "6"]
[White "Arabidze, Meri"]
[Black "Zawadzka, Jolanta"]
[Result "1-0"]
[WhiteTitle "IM"]
[BlackTitle "WGM"]
[WhiteElo "2436"]
[BlackElo "2399"]
[WhiteFideId "13604040"]
[BlackFideId "1122320"]
[EventDate "2021.05.29"]

1. d4 d5 2. Nf3 Nf6 3. c4 e6 4. Nc3 Bb4 5. Bg5 h6 6. Bxf6 Qxf6 7. Qa4+ Nc6 8. e3
O-O 9. Be2 dxc4 10. O-O a6 11. Bxc4 Bd6 12. Qc2 e5 13. Nd5 Qf5 14. Qxf5 Bxf5 15.
dxe5 Nxe5 16. Nxe5 c6 17. Nb6 Rad8 18. Nxf7 Rxf7 19. Bxf7+ Kxf7 20. Rad1 Be6 21.
b3 Ke7 22. Nc4 Bxc4 23. bxc4 b5 24. cxb5 axb5 25. Rb1 Ra8 26. Rfc1 Kd7 27. Rc2
Ra5 28. Rd1 Kc7 29. e4 Ra4 30. f3 c5 31. e5 Be7 32. Rcd2 Kc6 33. Rd7 Bf8 34. e6
c4 35. e7 Bxe7 36. Rxe7 Rxa2 37. Rxg7 b4 38. Rg6+ Kb5 39. Rd5+ Ka4 40. f4 c3 41.
Rc6 Kb3 42. f5 Rd2 43. Rdc5 Kb2 44. f6 Rd7 45. g4 Rd3 46. Kg2 b3 47. f7 c2 48.
f8=Q Rd2+ 49. Kg3 Rd3+ 50. Kh4 Rd2 51. Qf6+ Kb1 52. Ra5 b2 53. Qf1+ Rd1 54. Qf5
Rd2 55. Rxc2 Rxc2 56. Rc5 Ka1 57. Qxc2 b1=Q 58. Ra5+ 1-0

[Event "Women's Speed Chess Q2"]
[Site "chess.com INT"]
[Date "2021.05.29"]
[Round "6"]
[White "Buksa, Nataliya"]
[Black "Kiran, Manisha Mohanty"]
[Result "1-0"]
[WhiteTitle "IM"]
[BlackTitle "WGM"]
[WhiteElo "2414"]
[BlackElo "2168"]
[WhiteFideId "14123622"]
[BlackFideId "5019575"]
[EventDate "2021.05.29"]

1. e4 c5 2. c3 d5 3. exd5 Qxd5 4. Nf3 Nf6 5. d4 Nc6 6. Na3 e6 7. Nb5 Qd8 8. Bf4
Nd5 9. Bg5 f6 10. Bh4 a6 11. Na3 cxd4 12. Nxd4 Bxa3 13. Nxc6 bxc6 14. bxa3 O-O
15. Bc4 Qa5 16. O-O Qxc3 17. Bb3 Qa5 18. Rc1 Bd7 19. Bg3 Rac8 20. Bd6 Rfe8 21.
Re1 e5 22. Bb4 Qb6 23. Bc5 Qb7 24. Rb1 Qa8 25. Qd3 Be6 26. Bc2 g6 27. Qf3 Rc7
28. Bb3 Rf7 29. h4 Qc8 30. Rbc1 Qb8 31. h5 f5 32. hxg6 hxg6 33. Qg3 Nf4 34. Be3
Bxb3 35. Bxf4 exf4 36. Qxg6+ Kf8 37. Rxe8+ Qxe8 38. axb3 f3 39. Qxc6 Qxc6 40.
Rxc6 Rb7 41. Rc3 fxg2 42. Kxg2 Rb6 43. Kf3 Kf7 44. Kf4 Kf6 45. b4 Re6 46. f3 Rd6
47. Rc5 Rd4+ 48. Ke3 Rd6 49. Ra5 Ke6 50. Kf4 Rd4+ 51. Kg5 Rd3 52. Rxa6+ Kd5 53.
f4 Kc4 54. Kxf5 Rd5+ 55. Ke6 Rd4 56. f5 Re4+ 57. Kf7 Re1 58. f6 Kb3 59. Kf8 1-0

[Event "Women's Speed Chess Q2"]
[Site "chess.com INT"]
[Date "2021.05.29"]
[Round "6"]
[White "Lujan, Carolina"]
[Black "Doluhanova, Evgeniya"]
[Result "1-0"]
[WhiteTitle "IM"]
[BlackTitle "WGM"]
[WhiteElo "2346"]
[BlackElo "2207"]
[WhiteFideId "109878"]
[BlackFideId "14112035"]
[EventDate "2021.05.29"]

1. e4 e5 2. Nf3 Nc6 3. Bc4 Bc5 4. d3 Nf6 5. O-O O-O 6. Bb3 h6 7. c3 d5 8. exd5
Nxd5 9. h3 Bf5 10. Re1 Re8 11. d4 Bf8 12. dxe5 Nb6 13. Bf4 Qxd1 14. Rxd1 g5 15.
Bg3 Bg7 16. Re1 Nd7 17. Ba4 Re7 18. Bxc6 bxc6 19. Nbd2 c5 20. Nc4 Rae8 21. Ne3
Be4 22. Nd2 Bc6 23. Nf5 Re6 24. Nc4 Nb6 25. Na5 Bb5 26. c4 Ba6 27. Rad1 Bxe5 28.
Bxe5 Rxe5 29. Nxh6+ Kg7 30. Rxe5 Rxe5 31. Ng4 Re4 32. b3 Re2 33. Ne3 Rxa2 34.
Nc6 Ra3 35. Ne7 Bb7 36. N7f5+ Kf6 37. Ng3 Rxb3 38. Ng4+ Kg6 39. Rd8 Kg7 40. Kh2
f5 41. Nxf5+ Kf7 42. Rb8 Ke6 43. Nfh6 Bc6 44. Rd8 Rb2 45. Rh8 Ke7 46. Ne5 Kd6
47. Ng6 Be4 48. Nf5+ Kc6 49. Ng3 Kb7 50. Ne5 Bc6 51. Nf5 Nxc4 52. Nxc4 Bd5 53.
Nxb2 1-0

[Event "Women's Speed Chess Q2"]
[Site "chess.com INT"]
[Date "2021.05.29"]
[Round "6"]
[White "Frattini, Beatriz Maria"]
[Black "Ziegenfuss, Antonia"]
[Result "0-1"]
[WhiteTitle "WCM"]
[BlackTitle "WFM"]
[WhiteElo "1854"]
[BlackElo "2157"]
[WhiteFideId "22715002"]
[BlackFideId "12962554"]
[EventDate "2021.05.29"]

1. e4 c5 2. Nf3 e6 3. d4 cxd4 4. Nxd4 Nc6 5. Nb5 d6 6. c4 Nf6 7. N1c3 a6 8. Na3
Qa5 9. Bd2 Be7 10. Nd5 Qd8 11. Nxe7 Qxe7 12. Bd3 d5 13. exd5 exd5+ 14. Qe2 Qxe2+
15. Kxe2 Be6 16. cxd5 Nxd5 17. Rhe1 O-O-O 18. Rac1 Kb8 19. Nc4 Rhe8 20. Kf1 Ndb4
21. Bb1 Nd3 22. Bxd3 Rxd3 23. Bf4+ Ka8 24. b3 Bxc4 25. Rxc4 Red8 26. Rec1 Rd1+
27. Ke2 Rxc1 28. Bxc1 Rd7 29. Bf4 Nd4+ 30. Ke3 Ne6 31. Kf3 b5 32. Rc8+ Kb7 33.
Rh8 h6 34. Rb8+ Ka7 35. Rc8 Rd3+ 36. Ke4 Rd4+ 37. Ke5 Rxf4 38. Rc7+ Nxc7 39.
Kxf4 Kb7 40. Ke5 Kc6 41. a3 a5 42. f3 b4 43. axb4 axb4 44. Kd4 Kb5 45. Ke5 Kc5
46. f4 Nb5 47. g4 Nd4 48. h4 Nxb3 49. f5 Nd4 50. g5 hxg5 51. hxg5 b3 52. g6 f6+
53. Ke4 b2 54. Ke3 b1=Q 0-1

[Event "Women's Speed Chess Q2"]
[Site "chess.com INT"]
[Date "2021.05.29"]
[Round "6"]
[White "Kiolbasa, Oliwia"]
[Black "Avramidou, Anastasia"]
[Result "1-0"]
[WhiteTitle "WIM"]
[BlackTitle "FM"]
[WhiteElo "2255"]
[BlackElo "2238"]
[WhiteFideId "1154613"]
[BlackFideId "4239873"]
[EventDate "2021.05.29"]

1. e4 e6 2. d4 d5 3. e5 c5 4. c3 Qb6 5. Nf3 Nc6 6. Na3 cxd4 7. cxd4 Bb4+ 8. Bd2
Nge7 9. Nc2 Bxd2+ 10. Qxd2 O-O 11. b4 f6 12. exf6 Rxf6 13. Be2 Nf5 14. O-O Bd7
15. b5 Na5 16. Ne5 Be8 17. Bd3 Rc8 18. Rfc1 Nc4 19. Bxc4 dxc4 20. a4 a6 21. bxa6
bxa6 22. Ne3 Qxd4 23. Qxd4 Nxd4 24. Rxc4 Rxc4 25. N3xc4 Nc6 26. f3 Nxe5 27. Nxe5
Rf5 28. Nc4 Rc5 29. Nd6 Bc6 30. a5 Kf8 31. Kf2 Ke7 32. Ne4 Bxe4 33. fxe4 Kd6 34.
Ke3 Ke5 35. Kd3 Rb5 36. g3 g6 37. Ra4 Rb3+ 38. Kd2 Rb2+ 39. Ke3 Rxh2 40. Rc4 Ra2
41. Rc7 h5 42. Rc5+ Kd6 43. Rg5 Ra4 44. Kf4 h4 45. gxh4 Ke7 46. Rxg6 Rxa5 47.
Rh6 Rc5 48. Rh8 Kd6 49. h5 a5 50. h6 Rc2 51. h7 Rh2 52. Rd8+ 1-0

[Event "Women's Speed Chess Q2"]
[Site "chess.com INT"]
[Date "2021.05.29"]
[Round "6"]
[White "Tarasova, Viktoriya"]
[Black "Bivol, Alina"]
[Result "0-1"]
[WhiteTitle "WIM"]
[BlackTitle "WGM"]
[WhiteElo "2226"]
[BlackElo "2385"]
[WhiteFideId "4175840"]
[BlackFideId "4100123"]
[EventDate "2021.05.29"]

1. d4 Nf6 2. c4 g6 3. Nc3 d5 4. cxd5 Nxd5 5. e4 Nxc3 6. bxc3 c5 7. Bc4 Bg7 8.
Ne2 Nc6 9. Be3 O-O 10. O-O b6 11. h4 Bb7 12. h5 Qc7 13. hxg6 hxg6 14. Bd3 cxd4
15. cxd4 Nb4 16. Bb1 Rfd8 17. f3 Rac8 18. Qb3 Qc4 19. Qb2 Ba6 20. Re1 Nd3 21.
Bxd3 Qxd3 22. Qb3 Rc2 23. Qxd3 Bxd3 24. Nf4 Ba6 25. e5 e6 26. Rec1 Rdc8 27. Rxc2
Rxc2 28. a4 Bf8 29. Rc1 Ra2 30. Rc7 Ra3 31. Kf2 Rxa4 32. Rxa7 Ra2+ 33. Kg3 Bc4
34. Rc7 b5 35. Rc8 Kg7 36. Nh3 Be7 37. Bg5 Bxg5 38. Nxg5 Bf1 39. Rc7 Rxg2+ 40.
Kf4 b4 41. Rxf7+ Kg8 42. Rb7 Rb2 43. Nxe6 b3 44. d5 Bc4 45. Nc7 Rd2 46. d6 b2
47. Rb8+ Kf7 48. Na8 Ba2 49. Rb7+ Ke6 50. Re7+ Kd5 51. Nc7+ Kc6 52. Na6 b1=Q 53.
Rc7+ Kb6 54. Nb8 Qf5+ 55. Kg3 Qg5+ 56. Kh3 Be6# 0-1

[Event "Women's Speed Chess Q2"]
[Site "chess.com INT"]
[Date "2021.05.29"]
[Round "6"]
[White "Smirnova, Ekaterina"]
[Black "Priyanka, K"]
[Result "0-1"]
[WhiteTitle "WIM"]
[BlackTitle "WIM"]
[WhiteElo "2240"]
[BlackElo "2218"]
[WhiteFideId "4110943"]
[BlackFideId "5082986"]
[EventDate "2021.05.29"]

1. d4 Nf6 2. c4 g6 3. Nc3 Bg7 4. e4 d6 5. Be2 O-O 6. Nf3 e5 7. O-O Nc6 8. d5 Ne7
9. b4 a5 10. bxa5 Rxa5 11. a4 Nh5 12. Re1 Nf4 13. Bf1 f5 14. Ba3 fxe4 15. Nxe4
Bg4 16. Re3 Nf5 17. Bb4 Nxe3 18. fxe3 Nh3+ 19. Kh1 Ra8 20. Qd2 Rxf3 21. gxf3
Bxf3+ 22. Bg2 Bxe4 23. Bxe4 Qh4 24. Bg2 Rf8 25. Rf1 Rxf1+ 26. Bxf1 Nf2+ 27. Kg1
Ng4 28. Qe2 Bh6 29. Bd2 e4 30. a5 Ne5 31. Bg2 Ng4 32. Bxe4 Nxe3 33. Bxe3 Qxe4
34. Kf1 Bxe3 35. Qg2 Qxg2+ 36. Kxg2 Bd2 37. Kf3 Bxa5 38. h3 c6 39. Ke4 cxd5+ 40.
Kxd5 Bb4 41. Ke6 h6 42. Kd7 Kg7 43. Kc7 g5 44. Kxb7 h5 45. Kc6 g4 46. hxg4 hxg4
47. Kb5 Bc5 48. Kc6 g3 49. Kd5 g2 50. Ke4 g1=Q 51. Kd5 Qd4+ 52. Kc6 Qxc4 53. Kd7
d5 54. Kc6 d4 55. Kd7 d3 56. Ke8 d2 57. Kd7 d1=Q+ 58. Ke8 Qe6# 0-1

[Event "Women's Speed Chess Q2"]
[Site "chess.com INT"]
[Date "2021.05.29"]
[Round "6"]
[White "Nguyen, Hong Anh"]
[Black "Vo, Thi Kim Phung"]
[Result "0-1"]
[WhiteTitle "WIM"]
[BlackTitle "WGM"]
[WhiteElo "1993"]
[BlackElo "2335"]
[WhiteFideId "12406732"]
[BlackFideId "12401838"]
[EventDate "2021.05.29"]

1. d4 Nf6 2. c4 e6 3. Nf3 Bb4+ 4. Bd2 Qe7 5. g3 O-O 6. Bg2 Bxd2+ 7. Qxd2 d6 8.
Nc3 e5 9. O-O Re8 10. e4 Bg4 11. Nd5 Qd8 12. Rfe1 c6 13. Nc3 Bxf3 14. Bxf3 Nbd7
15. Rad1 Nf8 16. Bg2 Ne6 17. Ne2 Qc7 18. Qc3 Rad8 19. Bh3 Nxe4 20. Qc2 Nf6 21.
Bxe6 Rxe6 22. dxe5 dxe5 23. Nc3 Rde8 24. Qf5 h6 25. b4 a5 26. a3 axb4 27. axb4
Qb6 28. b5 Qa5 29. Rc1 cxb5 30. Nxb5 Qb6 31. Rb1 Qc5 32. Rec1 g6 33. Qf3 b6 34.
Nc3 e4 35. Qe2 Kg7 36. Na4 Qc7 37. Nc3 e3 38. f4 Qc5 39. Kg2 Qc6+ 40. Kg1 Ne4
41. Nb5 Nc5 42. Nd4 Qe4 43. Nxe6+ Rxe6 44. Re1 g5 45. fxg5 hxg5 46. Rbc1 Nd3 47.
Rcd1 Nxe1 48. Rxe1 Qd4 49. Kg2 Qe4+ 50. Qf3 Qe5 51. Re2 Rf6 52. Qg4 Qe7 53.
Qxg5+ Kf8 54. Rxe3 Rf2+ 55. Kxf2 Qxg5 56. Rf3 Qc5+ 57. Kg2 Qxc4 0-1

[Event "Women's Speed Chess Q2"]
[Site "chess.com INT"]
[Date "2021.05.29"]
[Round "6"]
[White "Zhai, Mo"]
[Black "Vantika, Agrawal"]
[Result "1-0"]
[WhiteTitle "WGM"]
[BlackTitle "WIM"]
[WhiteElo "2366"]
[BlackElo "2286"]
[WhiteFideId "8600201"]
[BlackFideId "25050389"]
[EventDate "2021.05.29"]

1. Nf3 Nf6 2. c4 g6 3. g3 Bg7 4. Bg2 O-O 5. O-O d6 6. d4 c6 7. Nc3 Bf5 8. Ne1 d5
9. Qb3 Qb6 10. cxd5 Qxb3 11. axb3 cxd5 12. Nxd5 Nxd5 13. Bxd5 Nc6 14. e3 Bh3 15.
Bg2 Bxg2 16. Nxg2 Rfd8 17. f4 f6 18. Rd1 Rd5 19. Bd2 e5 20. Bc3 exd4 21. exd4
Re8 22. Kf2 a6 23. Ne3 Rh5 24. h4 Rb5 25. d5 Nd8 26. d6 Rxb3 27. d7 Rf8 28. Nc4
f5 29. Bxg7 Kxg7 30. Re1 Rf7 31. Rad1 Rb4 32. Re8 Rxc4 33. Rxd8 Rc2+ 34. Kf1 Kh6
35. Re8 Rxd7 36. Rxd7 Rxb2 37. Ree7 Kh5 38. Rxh7+ Kg4 39. Rxb7 Kxg3 40. Rxb2
Kxf4 41. Rg7 Kg4 42. Rxg6+ Kf3 43. Rxa6 Ke4 44. Ra5 Kf4 45. Rb4+ Kg3 46. Ra3+
Kh2 47. Rb2+ Kh1 48. Rh3# 1-0

[Event "Women's Speed Chess Q2"]
[Site "chess.com INT"]
[Date "2021.05.29"]
[Round "6"]
[White "Zakirova, Aisha"]
[Black "Adam, Ernestina"]
[Result "1-0"]
[WhiteTitle "WCM"]
[BlackTitle "WCM"]
[WhiteElo "1585"]
[BlackElo "1354"]
[WhiteFideId "13719734"]
[BlackFideId "165883"]
[EventDate "2021.05.29"]

1. d4 Nf6 2. c4 g6 3. Nc3 Bg7 4. e4 d6 5. Nge2 O-O 6. Ng3 e5 7. d5 a5 8. Be2
Nbd7 9. h4 h5 10. Bg5 Nc5 11. Bxh5 Qe8 12. Be2 Nh7 13. Be3 f5 14. exf5 gxf5 15.
h5 f4 16. Bxc5 fxg3 17. Be3 gxf2+ 18. Kf1 Bf6 19. h6 Bg5 20. Qd2 Qe7 21. Ne4 Bf4
22. g3 Bxe3 23. Qxe3 Bf5 24. Bd3 Qf7 25. Rd1 Qd7 26. Kg2 Bg4 27. Nxf2 Bf3+ 28.
Kh2 Bxh1 29. Rxh1 Qf7 30. Kg2 Rae8 31. Ne4 Qe7 32. Rh4 Rf7 33. Rg4+ Kh8 34. Ng5
Nxg5 35. Rxg5 Rg8 36. Rxg8+ Kxg8 37. h7+ Kh8 38. Qh6 Qf6 39. Qe3 Rg7 40. c5 Qg5
41. Qxg5 Rxg5 42. cxd6 cxd6 43. Kf3 Rg7 44. g4 Rg5 45. Bf5 Rg7 46. Ke4 Rxh7 47.
Bxh7 Kxh7 48. Kf5 Kg7 49. g5 b5 50. b3 a4 51. b4 a3 52. g6 1-0

[Event "Women's Speed Chess Q2"]
[Site "chess.com INT"]
[Date "2021.05.29"]
[Round "6"]
[White "Perez Rodriguez, Jennifer"]
[Black "Chu, Ruotong"]
[Result "0-1"]
[WhiteTitle "WIM"]
[BlackTitle "WIM"]
[WhiteElo "2251"]
[BlackElo "2207"]
[WhiteFideId "3507831"]
[BlackFideId "8605653"]
[EventDate "2021.05.29"]

1. e4 c5 2. c3 d5 3. exd5 Qxd5 4. d4 Nc6 5. Nf3 Nf6 6. Na3 Bg4 7. Nb5 O-O-O 8.
Be2 a6 9. Na3 cxd4 10. cxd4 Nxd4 11. Qxd4 Qxd4 12. Nxd4 Rxd4 13. Be3 Rd8 14.
Rc1+ Kb8 15. f3 Nd5 16. Bf2 Bd7 17. Nc4 f6 18. O-O e5 19. Rfd1 Bc6 20. Na5 Be7
21. Nxc6+ bxc6 22. Rxc6 Nb4 23. Rb6+ Ka8 24. Rc1 Rd2 25. Bf1 Rb8 26. Rxb8+ Kxb8
27. a3 Nd5 28. b4 Kb7 29. Bc4 Nf4 30. Bf1 Ne2+ 31. Bxe2 Rxe2 32. Rd1 Rc2 33.
Rd7+ Rc7 34. Rxc7+ Kxc7 35. Kf1 Kc6 36. Be3 Kb5 37. Ke2 a5 38. bxa5 Kxa5 39. Bc1
Ka4 40. Kd3 f5 41. Kc4 e4 42. fxe4 fxe4 43. Kd4 e3 44. Kxe3 Bg5+ 45. Ke4 Bxc1
46. Kf5 Bxa3 47. g4 Kb5 48. Ke6 Kc5 49. Kf7 Bb2 50. h4 Kd5 51. g5 Ke4 52. h5 Kf5
53. g6 hxg6 54. hxg6 Kg5 0-1

[Event "Women's Speed Chess Q2"]
[Site "chess.com INT"]
[Date "2021.05.29"]
[Round "6"]
[White "Nomin-Erdene, Davaademberel"]
[Black "Vaishali, R"]
[Result "0-1"]
[WhiteTitle "IM"]
[BlackTitle "WGM"]
[WhiteElo "2382"]
[BlackElo "2393"]
[WhiteFideId "4900782"]
[BlackFideId "5091756"]
[EventDate "2021.05.29"]

1. f4 d5 2. Nf3 g6 3. g3 Bg7 4. Bg2 Nf6 5. O-O O-O 6. d3 c5 7. c3 Nc6 8. Na3 Nd7
9. e4 e6 10. e5 Rb8 11. c4 Nb6 12. Be3 d4 13. Bf2 Bd7 14. Nd2 f5 15. exf6 Qxf6
16. Ne4 Qe7 17. Qe2 e5 18. fxe5 Nxe5 19. Rae1 Rbe8 20. Qd2 Bg4 21. b4 Nbd7 22.
Nb5 Bf3 23. Nxc5 Bxg2 24. Kxg2 Nxc5 25. bxc5 Qxc5 26. Bxd4 Qc6+ 27. Re4 Nxd3 28.
Rxf8+ Bxf8 29. Qxd3 Qxe4+ 30. Qxe4 Rxe4 31. Kf3 Re1 32. Nxa7 Rc1 33. Nb5 Rxc4
34. Ke3 Ra4 35. Nc3 Ra3 36. Ke4 Bb4 37. Nd5 Bd6 38. Nf6+ Kf7 39. Nxh7 Rxa2 40.
Ng5+ Ke7 41. Nf3 b5 42. Kd5 Rc2 43. g4 b4 44. h4 b3 45. h5 gxh5 46. gxh5 b2 47.
Bxb2 Rxb2 48. h6 Rb8 49. Ng5 Rh8 50. Ne4 Rxh6 51. Kd4 Rh4 52. Kd5 Rh5+ 53. Kd4
Ke6 54. Kd3 Rh4 55. Nc3 Ke5 56. Ne2 Rh3+ 57. Kc4 Re3 58. Nc3 Ba3 59. Nb5 Bb2 60.
Kb4 Kd5 61. Nc7+ Kc6 62. Nb5 Re4+ 0-1

[Event "Women's Speed Chess Q2"]
[Site "chess.com INT"]
[Date "2021.05.29"]
[Round "6"]
[White "Nurmanova, Alua"]
[Black "Padmini, Rout"]
[Result "0-1"]
[WhiteTitle "WFM"]
[BlackTitle "IM"]
[WhiteElo "2008"]
[BlackElo "2370"]
[WhiteFideId "13729390"]
[BlackFideId "5029295"]
[EventDate "2021.05.29"]

1. e4 c5 2. Nf3 e6 3. d4 cxd4 4. Nxd4 Nc6 5. Nc3 Qc7 6. g3 a6 7. Bg2 Nf6 8. O-O
Nxd4 9. Qxd4 Bc5 10. Qd3 Ng4 11. Na4 Ba7 12. Bf4 e5 13. Bd2 d6 14. h3 Nf6 15.
Bg5 Be6 16. b3 Rc8 17. c4 Bd4 18. Rac1 Nd7 19. Be3 Nc5 20. Nxc5 dxc5 21. Bxd4
cxd4 22. f4 f6 23. fxe5 fxe5 24. g4 Qe7 25. Rf2 Rf8 26. Rxf8+ Kxf8 27. Rf1+ Kg8
28. Qg3 Bf7 29. h4 b5 30. cxb5 axb5 31. g5 Rc3 32. Rf3 Rxf3 33. Qxf3 Qc5 34. Qd3
b4 35. Qa6 g6 36. Qa8+ Kg7 37. Qd8 Qc1+ 38. Kh2 Qf4+ 39. Kg1 h6 40. Bf1 Qg3+ 41.
Kh1 Qxh4+ 42. Kg1 Qxg5+ 43. Qxg5 hxg5 44. Bd3 Kf6 45. Kf2 g4 46. Kg3 Kg5 47. Be2
Be6 48. Bd3 Kf6 49. Be2 g5 50. Bd3 Ke7 51. Be2 Kd6 52. Kg2 d3 53. Bxd3 Kc5 54.
Kf2 Kd4 55. Be2 Kc3 56. Kg3 Kb2 57. Bxg4 Bxg4 58. Kxg4 Kxa2 59. Kxg5 Kxb3 60.
Kf5 Kc4 61. Kxe5 b3 62. Kf6 b2 63. e5 b1=Q 64. e6 Qf1+ 65. Kg7 Qg2+ 66. Kf7 Qf3+
67. Kg7 Qg4+ 68. Kf6 Qf4+ 69. Kg7 Qe5+ 70. Kf7 Qf5+ 71. Ke7 Kd5 0-1

[Event "Women's Speed Chess Q2"]
[Site "chess.com INT"]
[Date "2021.05.29"]
[Round "6"]
[White "Pandey, Srishti"]
[Black "Kairbekova, Amina"]
[Result "0-1"]
[WhiteTitle "WFM"]
[BlackTitle "WFM"]
[WhiteElo "2026"]
[BlackElo "2132"]
[WhiteFideId "35093290"]
[BlackFideId "13712799"]
[EventDate "2021.05.29"]

1. e4 e5 2. Nc3 Nc6 3. Bc4 Nf6 4. d3 h6 5. f4 Bb4 6. f5 d5 7. exd5 Nxd5 8. Bd2
Bxc3 9. bxc3 Bxf5 10. Qf3 Be6 11. Ne2 Qd7 12. Rb1 O-O-O 13. O-O Rhf8 14. Qf2 f5
15. Bb5 a6 16. Ba4 Nb6 17. Bb3 Bxb3 18. Rxb3 e4 19. Nf4 g5 20. Nh5 f4 21. c4 e3
22. Bxe3 fxe3 23. Qxf8 Rxf8 24. Rxf8+ Nd8 25. Ng3 Qe7 26. Rf1 Ne6 27. Rbb1 Qc5
28. Rfe1 e2+ 29. Kh1 Nf4 30. Nxe2 Kd7 31. Nxf4 gxf4 32. Re4 Qf2 33. Rbe1 Nc8 34.
h3 Nd6 35. R4e2 Qh4 36. Kg1 Nf5 37. Rf2 Ne3 38. Ree2 Qg3 39. Rf3 Qg5 40. Kh2 Qf5
41. Kg1 Qg5 42. Kh2 Kc6 43. Kg1 Kc5 44. Kh2 Kd4 45. Kg1 Kc3 46. Ref2 Nxc2 47.
Rxf4 Nd4 48. Rg4 Qe5 49. Re4 Qa5 50. Rf1 Qxa2 51. Rh4 Ne2+ 52. Kh2 Kxd3 53. Rxh6
Ke3 54. Rf3+ Kd2 55. Re6 Qxc4 56. Rf2 a5 57. Rexe2+ Qxe2 58. Rxe2+ Kxe2 59. h4
a4 60. h5 a3 61. h6 a2 62. h7 a1=Q 63. h8=Q Qxh8+ 64. Kg1 b5 65. g4 b4 66. g5 b3
67. g6 b2 68. g7 Qxg7+ 69. Kh2 b1=Q 70. Kh3 Qh1# 0-1

[Event "Women's Speed Chess Q2"]
[Site "chess.com INT"]
[Date "2021.05.29"]
[Round "6"]
[White "Mohota, Nisha"]
[Black "Daulyte-Cornette, Deimante"]
[Result "0-1"]
[WhiteTitle "IM"]
[BlackTitle "IM"]
[WhiteElo "2195"]
[BlackElo "2387"]
[WhiteFideId "5004330"]
[BlackFideId "12802859"]
[EventDate "2021.05.29"]

1. b3 Nf6 2. Bb2 g6 3. Nf3 Bg7 4. g3 d6 5. d4 c5 6. c4 Ne4 7. Nc3 Qa5 8. Rc1 Nc6
9. e3 Bg4 10. Be2 Bxf3 11. Bxf3 cxd4 12. exd4 Ng5 13. Bxc6+ bxc6 14. O-O Bxd4
15. h4 Ne6 16. Re1 Qf5 17. Qc2 Qxc2 18. Rxc2 O-O 19. Na4 Bxb2 20. Rxb2 c5 21.
Nc3 Rfe8 22. Nd5 Rac8 23. Rbe2 Kf8 24. Kg2 Rb8 25. f4 Rb7 26. g4 Nd4 27. Re4 e6
28. Nf6 Rd8 29. Nxh7+ Kg7 30. Ng5 Rh8 31. Nf3 Nxf3 32. Kxf3 Rxh4 33. R4e2 Rb8
34. Kg3 Rbh8 35. Rg2 Rh3+ 36. Kf2 Rc3 37. Rd1 Rd8 38. Rd2 d5 39. Ke2 d4 40. Rf2
Rh8 41. Rg2 Rhh3 42. Kf2 Rhf3+ 43. Kg1 Rxf4 44. Kh2 Rff3 45. g5 Rh3+ 46. Kg1
Rcg3 47. Kf2 Rf3+ 48. Kg1 a5 49. Rde2 Rhg3 50. Rxg3 Rxg3+ 51. Kf2 Rxg5 52. Re1
Rf5+ 53. Ke2 e5 54. Kd2 f6 55. Re4 Rf2+ 56. Kd1 Rxa2 57. Rh4 a4 58. Rh3 axb3 59.
Rxb3 Ra4 60. Rb7+ Kh6 61. Rf7 Rxc4 62. Rxf6 e4 63. Re6 e3 64. Ke2 Rc2+ 65. Kd3
Rd2+ 66. Kc4 Rc2+ 67. Kd3 Rc3+ 68. Ke2 Kg5 69. Re5+ Kf4 70. Re8 c4 71. Rf8+ Kg4
72. Re8 Rc2+ 73. Kd1 Rd2+ 74. Ke1 Kf3 75. Rf8+ Ke4 76. Re8+ Kd3 77. Rd8 Rh2 78.
Re8 Rh1# 0-1

[Event "Women's Speed Chess Q2"]
[Site "chess.com INT"]
[Date "2021.05.29"]
[Round "6"]
[White "Ovezdurdiyeva, Jemal"]
[Black "Bommini, Mounika Akshaya"]
[Result "1-0"]
[WhiteTitle "WFM"]
[BlackTitle "WFM"]
[WhiteElo "2061"]
[BlackElo "2029"]
[WhiteFideId "14001888"]
[BlackFideId "25019872"]
[EventDate "2021.05.29"]

1. d4 Nf6 2. c4 c5 3. d5 e6 4. Nc3 exd5 5. cxd5 d6 6. h3 g6 7. Nf3 Bg7 8. Bf4 a6
9. a4 O-O 10. e3 Ne8 11. Nd2 Nd7 12. Nc4 Nb6 13. Nd2 Nd7 14. Nc4 Ne5 15. Nxe5
dxe5 16. Bg3 Nd6 17. Be2 Rb8 18. a5 f5 19. Qd2 Qf6 20. f3 Bd7 21. O-O Qg5 22.
Bf2 f4 23. h4 Qh5 24. exf4 exf4 25. Bxc5 Nf5 26. Qxf4 Nxh4 27. Bxf8 Rxf8 28. Qh2
Bd4+ 29. Kh1 Qg5 30. f4 Qd8 31. Rad1 Bg7 32. Ne4 Nf5 33. Ng5 h6 34. Ne6 Bxe6 35.
dxe6 Qe7 36. Bc4 Kh7 37. Rd7 Qc5 38. b3 Qe3 39. Rd3 Qe4 40. Rfd1 Ne7 41. Qh3
Rxf4 42. Bd5 Qe5 43. Bxb7 Bf6 44. Kg1 Rh4 45. Qe3 Qh2+ 46. Kf2 Rf4+ 47. Ke2 Qh5+
48. Bf3 Qg5 49. Rd7 Qg3 50. Qf2 Qg5 51. Qe3 Qf5 52. R1d3 Rb4 53. Rxe7+ Bxe7 54.
Rd7 Qf6 55. Be4 Kg7 56. Qf3 Qb2+ 57. Kf1 Qa1+ 58. Kf2 Qb2+ 59. Kg3 Qf6 60. Qxf6+
Kxf6 61. Bd5 Rd4 62. Kf3 Rd3+ 63. Ke4 Rd2 64. Ke3 Rd1 65. Ke2 Ra1 66. Bc4 Rxa5
67. Ra7 Ra3 68. Kd3 Bd6 69. Rf7+ Ke5 70. e7 Bxe7 71. Rxe7+ Kd6 72. Ra7 a5 73.
Ra6+ Kc5 74. Rxg6 h5 75. Rg5+ Kb6 76. Rb5+ Kc7 77. Rxh5 Ra1 78. Kd4 Rd1+ 79. Kc5
Re1 80. Rh7+ Kc8 81. Kb6 1-0

[Event "Women's Speed Chess Q2"]
[Site "chess.com INT"]
[Date "2021.05.29"]
[Round "6"]
[White "Shvedova, Alexandra"]
[Black "Starosta, Martyna"]
[Result "1-0"]
[WhiteTitle "WFM"]
[BlackTitle "WCM"]
[WhiteElo "1976"]
[BlackElo "1910"]
[WhiteFideId "54154782"]
[BlackFideId "21818754"]
[EventDate "2021.05.29"]

1. e4 e5 2. Nf3 Nc6 3. Bc4 Nf6 4. d3 Be7 5. O-O O-O 6. a4 d6 7. Nc3 Kh8 8. Re1
Bg4 9. h3 Bh5 10. Be3 Qd7 11. Nd5 Nxd5 12. Bxd5 Nd8 13. d4 c6 14. Bb3 exd4 15.
Bxd4 Ne6 16. Be3 Bf6 17. c3 Rfe8 18. Qe2 d5 19. Rad1 Ng5 20. Bxg5 Bxg5 21. Qd3
Bxf3 22. Qxf3 dxe4 23. Rxe4 Qc7 24. Rxe8+ Rxe8 25. g3 Bf6 26. Kg2 h6 27. Qh5 Re7
28. Qf5 c5 29. Rd5 Re6 30. Bc2 g6 31. Qf3 Kg7 32. h4 b6 33. h5 Rd6 34. hxg6 Rxd5
35. Qxd5 fxg6 36. Qe4 Qe5 37. Qxg6+ Kf8 38. Qxh6+ Ke7 39. Qh7+ Kd6 40. Qd3+ Kc7
41. Qf3 Bg5 42. Be4 Bc1 43. Ba8 Bxb2 44. Qc6+ Kd8 45. Qb7 Bxc3 46. Qxa7 Bd4 47.
Qxb6+ Ke7 48. Qb7+ Kf8 49. Qc8+ Kg7 50. Qg4+ Kf8 51. Qf3+ Ke7 52. a5 Qe1 53. a6
Qa5 54. Bb7 Qa2 55. g4 Kd6 56. g5 Qa1 57. g6 Qa4 58. Qg3+ Kd7 59. g7 Bxg7 60.
Qxg7+ Kd6 61. Qf6+ Kc7 62. Qe7+ Kb6 63. Qd6+ Ka7 64. Qxc5+ Kb8 65. Qc8+ Ka7 66.
Qc5+ Kb8 67. Qd5 Qg4+ 68. Kf1 Qh3+ 69. Qg2 Qd3+ 70. Kg1 Qd1+ 71. Kh2 Qh5+ 72.
Kg1 Qd1+ 73. Qf1 Qg4+ 74. Bg2 Ka7 75. Qe1 Kxa6 76. Qf1+ Kb6 77. Qb1+ Kc7 78.
Qc2+ Kd6 79. Qd3+ Ke7 80. Qe3+ Kf6 81. Qf3+ Qxf3 82. Bxf3 Kf5 83. Kg2 Kf4 84.
Be2 Kg5 85. Kg3 Kf5 86. Kf3 Kg5 87. Ke4 Kf6 88. Kf4 Kf7 89. f3 Kf6 90. Bd3 Kf7
91. Kf5 Ke7 92. f4 Kf7 93. Be4 Kf8 94. Kf6 Ke8 95. f5 Kf8 96. Bd5 Ke8 97. Kg7 1-0

[Event "Women's Speed Chess Q2"]
[Site "chess.com INT"]
[Date "2021.05.29"]
[Round "7"]
[White "Vaishali, R"]
[Black "Cyfka, Karina"]
[Result "1-0"]
[WhiteTitle "WGM"]
[BlackTitle "IM"]
[WhiteElo "2393"]
[BlackElo "2415"]
[WhiteFideId "5091756"]
[BlackFideId "1122681"]
[EventDate "2021.05.29"]

1. e4 e5 2. Nf3 Nc6 3. Bb5 a6 4. Ba4 Nf6 5. O-O b5 6. Bb3 Bb7 7. d3 Bc5 8. Nc3
h6 9. a4 b4 10. Nd5 a5 11. Be3 Bxe3 12. fxe3 d6 13. Qe1 Nxd5 14. Bxd5 Rb8 15.
Qg3 O-O 16. Nh4 Qg5 17. Qxg5 hxg5 18. Ng6 Nd8 19. Rf3 Bxd5 20. Ne7+ Kh7 21. Rh3# 1-0